[Event "2009 Standard Chess Dropout Tournament, Round 1"]
[Site "SchemingMind.com"]
[Date "2008.11.15"]
[Round "1"]
[White "29A"]
[Black "Lee Shuck"]
[Result "0-1"]
[WhiteCountry "CAN"]
[BlackCountry "ENG"]
[WhiteElo "1786"]
[WhiteRD "92"]
[BlackElo "1496"]
[BlackRD "78"]
[GameID "178334"]

1. e4 e5 2. Nf3 Nc6 3. d4 exd4 4. Nxd4 Nf6 5. Nxc6 bxc6 6. e5 Qe7 7. Qe2 Nd5 8. c4 Ba6 9. b3 f6 10. exf6 Qxe2+
11. Bxe2 gxf6 12. cxd5 Bxe2 13. Kxe2 cxd5 14. Nc3 Bb4 15. Nxd5 Bd6 16. Nxf6+ Ke7 17. Bg5 Ke6 18. Rhe1 Kf5 19. Bh4 Be5 20. Nxd7 Bxa1
21. Rxa1 Rae8+ 22. Kf3 Re4 23. Bg3 Rd8 24. Nc5 Red4 25. Re1 R8d5 26. Na4 c5
0-1

[Event "2009 Standard Chess Dropout Tournament, Round 1"]
[Site "SchemingMind.com"]
[Date "2008.11.15"]
[Round "1"]
[White "aadaam"]
[Black "desmondw"]
[Result "1-0"]
[WhiteCountry "INT"]
[BlackCountry "IRL"]
[WhiteElo "1778"]
[WhiteRD "44"]
[BlackElo "1649"]
[BlackRD "89"]
[GameID "178335"]

1. e4 e5 2. Nf3 Nc6 3. Bc4 Nf6 4. d3 Bc5 5. O-O d6 6. c3 Bg4 7. b4 Bb6 8. Nbd2 O-O 9. a4 a5 10. b5 Ne7
11. h3 Bh5 12. Qc2 c6 13. Ba3 Bc5 14. Bxc5 dxc5 15. Nxe5 cxb5 16. Bxb5 b6 17. Rab1 Qc7 18. Ndc4 Rfd8 19. f4 Ng6 20. g4 Bxg4
21. hxg4 Nxe5 22. Nxe5 Qc8 23. Qb3 Ra7 24. Bc4 Nxg4 25. Bxf7+ Kh8 26. Be6
1-0

[Event "2009 Standard Chess Dropout Tournament, Round 1"]
[Site "SchemingMind.com"]
[Date "2008.11.14"]
[Round "1"]
[White "acctuary"]
[Black "Harold"]
[Result "0-1"]
[WhiteCountry "USA"]
[BlackCountry "GBR"]
[WhiteElo "1288"]
[WhiteRD "74"]
[BlackElo "1544"]
[BlackRD "82"]
[GameID "178337"]

1. e4 e5 2. Nf3 Nc6 3. Bc4 Nf6 4. d4 exd4 5. Nxd4 Nxe4 6. O-O Be7 7. Qf3 d5 8. Bb3 Nxd4 9. Qd3 Bc5 10. Re1 Nxb3
11. Qxb3 Qf6 12. Nc3 Qxf2+ 13. Kh1 Qxe1#
0-1

[Event "2009 Standard Chess Dropout Tournament, Round 1"]
[Site "SchemingMind.com"]
[Date "2008.11.10"]
[Round "1"]
[White "acteon"]
[Black "29A"]
[Result "1-0"]
[WhiteCountry "COL"]
[BlackCountry "CAN"]
[WhiteElo "1746"]
[WhiteRD "109"]
[BlackElo "1834"]
[BlackRD "91"]
[GameID "178338"]

1. d4 Nf6 2. c4 e6 3. Nc3 b6 4. Nf3 Bb7 5. Bg5 Bb4 6. Qb3 Qe7 7. O-O-O Bxc3 8. Qxc3 Ne4 9. Qe3 Qb4 10. d5 Qxc4+
11. Kb1 Bxd5 12. Qa3 Qxa2+ 13. Qxa2 Bxa2+ 14. Kxa2 Nxf2 15. Rd4 Nxh1 16. Be3 Nc6 17. Rd2 Nb4+ 18. Kb3 Nd5 19. Bg1 Nf6 20. Ne5 d6
21. Nc6 Ne4 22. Rc2 Nhf2 23. Bxf2 Nxf2 24. e3 Ne4 25. Be2 Kd7 26. Nd4
1-0

[Event "2009 Standard Chess Dropout Tournament, Round 1"]
[Site "SchemingMind.com"]
[Date "2008.11.13"]
[Round "1"]
[White "admiradordebrahms"]
[Black "Be0wulf"]
[Result "0-1"]
[WhiteCountry "COL"]
[BlackCountry "PHI"]
[WhiteElo "1775"]
[WhiteRD "72"]
[BlackElo "1669"]
[BlackRD "83"]
[GameID "178339"]

1. e4 c5 2. Nf3 d6 3. d4 cxd4 4. Nxd4 Nf6 5. Nc3 a6 6. Bc4 Nc6 7. O-O e6 8. Be3 Be7 9. Bb3 O-O 10. a3 Qc7
11. Bg5 b5 12. Nxc6 Qxc6 13. Qf3 Bb7 14. Rfe1 Qc7 15. Qg3 Nh5 16. Qg4 Bxg5 17. Qxg5 Qc5 18. Nd5 exd5 19. Qxh5 dxe4 20. Qxc5 dxc5
21. Rxe4 Bxe4 22. f3 c4 23. fxe4 cxb3 24. cxb3 Rac8
0-1

[Event "2009 Standard Chess Dropout Tournament, Round 1"]
[Site "SchemingMind.com"]
[Date "2008.11.10"]
[Round "1"]
[White "Andreas Flato"]
[Black "Ingemar Assarsjö"]
[Result "1/2-1/2"]
[WhiteCountry "GER"]
[BlackCountry "SWE"]
[WhiteElo "1819"]
[WhiteRD "70"]
[BlackElo "1875"]
[BlackRD "107"]
[GameID "178340"]

1. e4 e5 2. Nf3 Nc6 3. Bc4 Bc5 4. O-O Nf6 5. d3 d6 6. h3 O-O 7. a3 h6 8. Nc3 Be6 9. Nd5 Bxd5 10. Bxd5 Nxd5
11. exd5 Nd4 12. Nxd4 Bxd4 13. c3 Bb6 14. Be3 Bxe3 15. fxe3 Qg5 16. Qf3 f5 17. e4 fxe4 18. Qxe4 Qd2 19. Rab1 Rxf1+ 20. Rxf1 Qxb2
21. Qg6 Qxc3 22. Rf7 e4 23. dxe4 Rf8 24. Rxf8+ Kxf8 25. Qf5+ Kg8 26. Qe6+ Kh7 27. Qf5+ g6 28. Qc8 b6 29. Qd7+ Qg7 30. Qa4 a5
31. Qc4 Kg8 32. a4 Kf8 33. Kf2 Ke8 34. Qc6+ Qd7 35. Qc4 Kd8 36. Qd4 Qe8 37. Ke3 Qf8 38. Qc4 Qe8 39. g3 Kc8 40. Qa6+ Kb8
41. Qc4 Kb7 42. h4 h5 43. Kf4 Qe5+ 44. Kf3 Qe8=
1/2-1/2

[Event "2009 Standard Chess Dropout Tournament, Round 1"]
[Site "SchemingMind.com"]
[Date "2008.11.15"]
[Round "1"]
[White "agoodhobby"]
[Black "PankracyRozumek"]
[Result "0-1"]
[WhiteCountry "USA"]
[BlackCountry "POL"]
[WhiteElo "1568"]
[WhiteRD "63"]
[BlackElo "1982"]
[BlackRD "89"]
[GameID "178341"]

1. e4 Nf6 2. e5 Nd5 3. d4 d6 4. Nf3 dxe5 5. Nxe5 g6 6. Bc4 c6 7. O-O Nd7 8. Re1 Nxe5 9. dxe5 Bg7 10. Bg5 h6
11. Bh4 g5 12. Bg3 Bf5 13. h4 e6 14. h5 Qb6 15. Bb3 O-O-O 16. c4 Nf4 17. Qf3 Rd3 18. Re3 Rxe3 19. Qxe3 Qxe3 20. fxe3 Ne2+
21. Kf2 Nxg3 22. Kxg3 Bxe5+
0-1

[Event "2009 Standard Chess Dropout Tournament, Round 1"]
[Site "SchemingMind.com"]
[Date "2008.11.10"]
[Round "1"]
[White "agrillage"]
[Black "pedrinho"]
[Result "1-0"]
[WhiteCountry "MLT"]
[BlackCountry "GBR"]
[WhiteElo "2128"]
[WhiteRD "89"]
[BlackElo "1713"]
[BlackRD "82"]
[GameID "178342"]

1. e4 g6 2. d4 Bg7 3. Nc3 c5 4. d5 d6 5. f4 Nf6 6. Nf3 Qa5 7. Bd2 Qb6 8. Bb5+ Bd7 9. Bxd7+ Nbxd7 10. O-O c4+
11. Kh1 O-O 12. Qe2 Qc5 13. Be3 Qc8 14. Nd2 b5 15. Nxb5 Nb6 16. Nxa7 Rxa7 17. Bxb6 Rb7 18. Bd4 e5 19. fxe5 dxe5 20. Bxe5 Nd7
21. Bxg7 Kxg7 22. Nxc4 Nf6 23. Nd6
1-0

[Event "2009 Standard Chess Dropout Tournament, Round 1"]
[Site "SchemingMind.com"]
[Date "2008.11.11"]
[Round "1"]
[White "andy146"]
[Black "Orhany24"]
[Result "1-0"]
[WhiteCountry "POL"]
[BlackCountry "TUR"]
[WhiteElo "1625"]
[WhiteRD "65"]
[BlackElo "1715"]
[BlackRD "77"]
[GameID "178343"]

1. d4 d5 2. Nf3 Nf6 3. c4 h6 4. cxd5 Qxd5 5. Nc3 Qd8 6. Bf4 c6 7. e3 e6 8. Be2 Be7 9. O-O O-O 10. Qc2 Nbd7
11. Rfc1 a6 12. Na4 Qa5 13. Nc5 Nxc5 14. dxc5 Nd5 15. Bd6 Re8 16. a3 b5 17. b4 Qd8 18. e4 Nf6 19. e5 Nd5 20. Qe4 g6
21. h4 Kh7 22. g4 Bxh4 23. Kg2 Bg5 24. Nxg5+ Qxg5 25. Rh1 Bd7 26. Kg3 Nc3 27. Qf3 Nxe2+ 28. Qxe2 f5 29. exf6 Qxf6 30. Rxh6+
1-0

[Event "2009 Standard Chess Dropout Tournament, Round 1"]
[Site "SchemingMind.com"]
[Date "2008.11.15"]
[Round "1"]
[White "Archr"]
[Black "Ursus"]
[Result "0-1"]
[WhiteCountry "USA"]
[BlackCountry "INT"]
[WhiteElo "1539"]
[WhiteRD "93"]
[BlackElo "1694"]
[BlackRD "82"]
[GameID "178346"]

1. e4 e5 2. Nf3 Nc6 3. Bb5 a6 4. Ba4 Nf6 5. O-O Be7 6. Re1 b5 7. Bb3 O-O 8. a4 Bb7 9. Nc3 d6 10. d3 Nd4
11. Nxd4 exd4 12. Nd5 Nxd5 13. exd5 Qd7 14. c4 dxc3 15. bxc3 Rfe8 16. Bd2 Bf6 17. c4 c5 18. Ra2 b4 19. Bf4 Rxe1+ 20. Qxe1 Re8
21. Re2 Rxe2 22. Qxe2 Qe7 23. Qxe7 Bxe7 24. Kf1 g5 25. Bg3 f5 26. f3 f4 27. Bf2 Bf6 28. Ke2 h5 29. h3 Kg7 30. Kd2 Bc3+
31. Kd1 Bc8 32. g4 h4 33. Be1 Bd4 34. Ke2= Kf6 35. Bf2 Be5 36. Bg1 Ke7 37. Bf2 Kd8 38. Bg1 Kc7 39. Bf2 Kb6 40. Be1 Ka5
41. Bf2 Bd7 42. Kd2 Bxa4 43. Kc2 Bd7 44. Kb1 Kb6 45. Be1 a5 46. Bd2 a4 47. Bd1 a3 48. Bb3 Ka5
0-1

[Event "2009 Standard Chess Dropout Tournament, Round 1"]
[Site "SchemingMind.com"]
[Date "2008.11.15"]
[Round "1"]
[White "Artur"]
[Black "Neutrino"]
[Result "1/2-1/2"]
[WhiteCountry "POL"]
[BlackCountry "EGY"]
[WhiteElo "1771"]
[WhiteRD "94"]
[BlackElo "1648"]
[BlackRD "132"]
[GameID "178347"]

1. e4 c5 2. c3 g6 3. d4 cxd4 4. cxd4 d5 5. exd5 Nf6 6. Nc3 Nxd5 7. Bc4 Nb6 8. Bb3 Bg7 9. Nf3 Nc6 10. d5 Na5
11. O-O Nxb3 12. axb3 O-O 13. Re1 Re8 14. Bg5 Bg4 15. d6 Qxd6 16. Qxd6 exd6 17. Rxe8+ Rxe8 18. Rxa7 Bxf3 19. gxf3 Rb8 20. Bf4 Be5
21. Be3 Nc8 22. Ra5 Ne7 23. f4 Bg7 24. Bb6 Nf5 25. Ra7 Bd4 26. Bxd4 Nxd4 27. Ne4 Nc6 28. Ra4 d5 29. Nf6+ Kg7 30. Nxd5 f5
31. Kf1 Rd8 32. Ne3 Rd3 33. Ra3 Rd4 34. Ra4 Rd3 35. Ra3 Rd4= 36. Ke2 Rxf4 37. Ra4 Rb4 38. Rxb4 Nxb4 39. f4 Kf6 40. h4 Ke6
41. Kd2 Nd5 42. Nxd5 Kxd5 43. Kd3 b6 44. b4 b5 45. b3 Ke6 46. Ke3 Kd5 47. Kd3 Ke6 48. Ke3 Kd5 49. Kd3 Ke6 50. Ke3=
1/2-1/2

[Event "2009 Standard Chess Dropout Tournament, Round 1"]
[Site "SchemingMind.com"]
[Date "2008.11.15"]
[Round "1"]
[White "Ashmaster"]
[Black "Raimondi"]
[Result "1-0"]
[WhiteCountry "IRL"]
[BlackCountry "PER"]
[WhiteElo "1967"]
[WhiteRD "89"]
[BlackElo "1661"]
[BlackRD "66"]
[GameID "178348"]

1. d4 d5 2. c4 c6 3. Nc3 Nf6 4. Nf3 dxc4 5. a4 Bf5 6. e3 e6 7. Bxc4 Bb4 8. O-O O-O 9. Qe2 Nbd7 10. e4 Bg6
11. Bd3 Qc7 12. e5 Nd5 13. Bxg6 fxg6 14. Ng5 Rae8 15. Bd2 Nxc3 16. bxc3 Ba5 17. Qg4 Nb8 18. Qh3
1-0

[Event "2009 Standard Chess Dropout Tournament, Round 1"]
[Site "SchemingMind.com"]
[Date "2008.11.10"]
[Round "1"]
[White "Brian Acebo"]
[Black "Mariazb"]
[Result "0-1"]
[WhiteCountry "USA"]
[BlackCountry "ARG"]
[WhiteElo "1578"]
[WhiteRD "71"]
[BlackElo "2329"]
[BlackRD "91"]
[GameID "178350"]

1. e4 c5 2. Nf3 d6 3. d4 cxd4 4. Nxd4 Nf6 5. Nc3 Nc6 6. Bg5 e6 7. Bb5 Bd7 8. Nxc6 bxc6 9. Ba4 Be7 10. O-O Qc7
11. Re1 h6 12. Bf4 e5 13. Be3 Ng4 14. h3 Nxe3 15. Rxe3 O-O 16. Bb3 Kh7 17. Qd3 f5 18. exf5 Bxf5 19. Qe2 Bg5 20. Rf3 d5
21. g4 Bg6 22. Rxf8 Rxf8 23. Rf1 e4 24. Na4 e3 25. f3 Bh4 26. Nc3 d4 27. Ne4 Bxe4 28. fxe4 Qg3+
0-1

[Event "2009 Standard Chess Dropout Tournament, Round 1"]
[Site "SchemingMind.com"]
[Date "2008.11.11"]
[Round "1"]
[White "Bacon"]
[Black "dadshane2000"]
[Result "0-1"]
[WhiteCountry "BER"]
[BlackCountry "USA"]
[WhiteElo "1310"]
[WhiteRD "99"]
[BlackElo "1906"]
[BlackRD "77"]
[GameID "178351"]

1. e4 c5 2. c3 Nf6 3. Bd3 Nc6 4. Nf3 e5 5. O-O Be7 6. h3 d6 7. Bb5 Nxe4 8. Bxc6+ bxc6 9. Qe2 f5 10. d3 Nf6
11. Be3 O-O 12. Na3 f4 13. Bd2 Qe8 14. Nc4 Qh5 15. Rae1 Nd5 16. g4 Qxh3 17. a3 Bxg4 18. b4 Bxf3 19. a4 Qh1#
0-1

[Event "2009 Standard Chess Dropout Tournament, Round 1"]
[Site "SchemingMind.com"]
[Date "2008.11.13"]
[Round "1"]
[White "baobab"]
[Black "markakeen"]
[Result "1/2-1/2"]
[WhiteCountry "ITA"]
[BlackCountry "GBR"]
[WhiteElo "1793"]
[WhiteRD "79"]
[BlackElo "1950"]
[BlackRD "100"]
[GameID "178352"]

1. d4 Nf6 2. Nc3 d5 3. Bg5 Nbd7 4. e3 e6 5. Qd2 c5 6. Bb5 a6 7. Bxd7+ Bxd7 8. Nf3 Rc8 9. O-O-O Be7 10. h4 h6
11. Bf4 cxd4 12. exd4 Bb4 13. Qe3 Bxc3 14. bxc3 Qa5 15. Kb2 Ne4 16. Nd2 Rxc3 17. Nb3 Qa4 18. Rd3 Rxd3 19. cxd3 Nf6 20. Qe5 Qc6
21. Rc1 Qb6 22. Qb8+ Qd8 23. Qxb7 O-O 24. Qxa6 Nh5 25. Bc7 Qxh4 26. g3 Qg4 27. Bd6 Rd8 28. Qb6 Ra8 29. Qb7 Qe2+ 30. Kc3 Rc8+
31. Bc5 Nf6 32. Rc2 Qg4 33. Kb2 Re8 34. Bd6 Ba4 35. Qa7 Bb5=
1/2-1/2

[Event "2009 Standard Chess Dropout Tournament, Round 1"]
[Site "SchemingMind.com"]
[Date "2008.11.13"]
[Round "1"]
[White "baron1"]
[Black "calidore"]
[Result "1-0"]
[WhiteCountry "ENG"]
[BlackCountry "ISR"]
[WhiteElo "2161"]
[WhiteRD "136"]
[BlackElo "1860"]
[BlackRD "62"]
[GameID "178353"]

1. c4 Nf6 2. Nc3 e6 3. d4 d5 4. Bg5 Be7 5. Nf3 O-O 6. e3 Ne4 7. Bxe7 Qxe7 8. Qc2 Nxc3 9. Qxc3 Nc6 10. a3 Bd7
11. Bd3 Qf6 12. O-O Rfe8 13. Rac1 Ne7 14. Ne5 Bc6 15. Qa5 b6 16. Qa6 Reb8 17. Nxc6 Nxc6 18. cxd5 exd5 19. Rc2 Rc8 20. Rfc1 Nd8
21. Rxc7 Rxc7 22. Rxc7 Ne6 23. Rxa7 Rxa7 24. Qxa7 Nf8 25. Qc7 g5 26. a4 Kg7 27. b4 h5 28. a5 bxa5 29. bxa5 Ne6 30. Qb7 g4
31. Qxd5 h4 32. Qf5
1-0

[Event "2009 Standard Chess Dropout Tournament, Round 1"]
[Site "SchemingMind.com"]
[Date "2008.11.13"]
[Round "1"]
[White "Be0wulf"]
[Black "Han Solo"]
[Result "1-0"]
[WhiteCountry "PHI"]
[BlackCountry "HUN"]
[WhiteElo "1709"]
[WhiteRD "87"]
[BlackElo "2006"]
[BlackRD "74"]
[GameID "178354"]

1. e4 c5 2. Nf3 Nc6 3. d4 cxd4 4. Nxd4 Nf6 5. Nc3 e5 6. Nb3 Bb4 7. Bd3 d5 8. O-O d4 9. Ne2 O-O 10. h3 h6
11. f4 Bd6 12. f5 Bd7 13. Qe1 Nb4 14. Bd2 Nxd3 15. cxd3 Bb5 16. Qg3 Kh7 17. Qf3 Rc8 18. Rac1 Qe7 19. a3 b6 20. g4 Ba4
21. Na1 Qd7 22. b3 Bb5 23. a4 Bc6 24. h4 Ba3 25. Rb1 Kg8 26. g5 hxg5 27. hxg5 Nxe4 28. dxe4 d3 29. Ng3 Qd4+ 30. Be3 Qc3
31. f6 Bc5 32. Kg2 Bxe3 33. Qxe3 Qc5 34. Qf3 g6 35. Qg4
1-0

[Event "2009 Standard Chess Dropout Tournament, Round 1"]
[Site "SchemingMind.com"]
[Date "2008.11.15"]
[Round "1"]
[White "boojiboy"]
[Black "Malfurion"]
[Result "0-1"]
[WhiteCountry "USA"]
[BlackCountry "USA"]
[WhiteElo "1688"]
[WhiteRD "96"]
[BlackElo "2290"]
[BlackRD "90"]
[GameID "178356"]

1. e4 d5 2. exd5 Qxd5 3. Nc3 Qd6 4. d4 Nf6 5. Nf3 a6 6. g3 b5 7. a3 Bb7 8. Bg2 e6 9. O-O Be7 10. Bf4 Qb6
11. h3 Nbd7 12. Be3 c5 13. b4 cxb4 14. d5 Qc7 15. dxe6 fxe6 16. Ne2 bxa3 17. Nfd4 Bxg2 18. Kxg2 O-O 19. Kg1 Qc4 20. Nf4 e5
21. Nf5 Rf7 22. Nxe7+ Rxe7 23. Ng2 b4 24. Nh4 Ne4 25. Qd3 Qxd3 26. cxd3 Nc3 27. Nf5 Re6 28. h4 Rf8 29. g4 a2 30. Bd2 Ne2+
31. Kg2 b3 32. Kf3 Nd4+ 33. Kg2 Nc2 34. Bc3 Nxa1 35. Bxa1 Rb8 36. Bb2 Nc5 37. Ne3 Nxd3 38. Nd1 Rb4 39. Kg3 Nxb2 40. Nxb2 a5
41. Rc1 Rc6 42. Rd1 Rc2 43. Nd3 Rc3 44. Kg2 Rxd3
0-1

[Event "2009 Standard Chess Dropout Tournament, Round 1"]
[Site "SchemingMind.com"]
[Date "2008.11.10"]
[Round "1"]
[White "bosh"]
[Black "TONYTODD11"]
[Result "0-1"]
[WhiteCountry "EGY"]
[BlackCountry "ENG"]
[WhiteElo "1018"]
[WhiteRD "132"]
[BlackElo "1496"]
[BlackRD "71"]
[GameID "178357"]

1. e3 e5 2. b3 d5 3. Bb2 d4 4. Nf3 e4 5. Nxd4 Nf6 6. Nb5 c6 7. Bxf6 Qxf6 8. Nd4 Bd6 9. Nc3 O-O 10. Nxe4 Qg6
11. Bd3 Qxg2 12. Qf3 Bh3 13. Bf1 Qxf3 14. Nxf3 Bf5 15. Nxd6 Bxc2 16. d3 Rd8 17. Nxb7 Rd5 18. Kd2 Na6 19. Kxc2 Rb8 20. d4 Rxb7
21. Bxa6 Rb6 22. Bc4 Rf5 23. Be2 a5 24. a4 c5 25. dxc5 Rxc5+ 26. Bc4 g5 27. Nd4 h5 28. Rag1 g4 29. h3 Kh7
0-1

[Event "2009 Standard Chess Dropout Tournament, Round 1"]
[Site "SchemingMind.com"]
[Date "2008.11.12"]
[Round "1"]
[White "Brendan Joseph Birt"]
[Black "e_castle3"]
[Result "1-0"]
[WhiteCountry "USA"]
[BlackCountry "PHI"]
[WhiteElo "1867"]
[WhiteRD "86"]
[BlackElo "1760"]
[BlackRD "77"]
[GameID "178358"]

1. e4 d6 2. d4 e6 3. Nf3 b6 4. Bd3 Bb7 5. c4 Nd7 6. Nc3 Ne7 7. O-O Ng6 8. Re1 Be7 9. Be3 c5 10. Qd2 cxd4
11. Nxd4 Nc5 12. Bc2 Rc8 13. b3 O-O 14. f4 f5 15. b4 Nxe4 16. Nxe4 fxe4 17. Nxe6 Qd7 18. Nxf8 Rxf8 19. c5 d5 20. Bxe4 bxc5
21. Bxg6 hxg6 22. Bxc5 Bxc5+ 23. bxc5 Bc6 24. Qd4 Qc7 25. Re5 Rf5 26. Rae1 a5 27. Re7 Qxf4 28. Qxg7#
1-0

[Event "2009 Standard Chess Dropout Tournament, Round 1"]
[Site "SchemingMind.com"]
[Date "2008.11.11"]
[Round "1"]
[White "Ingemar Assarsjö"]
[Black "slotheman"]
[Result "1-0"]
[WhiteCountry "SWE"]
[BlackCountry "USA"]
[WhiteElo "1891"]
[WhiteRD "113"]
[BlackElo "1680"]
[BlackRD "83"]
[GameID "178360"]

1. e4 d6 2. d4 Nf6 3. Nc3 g6 4. f4 Bg7 5. Nf3 O-O 6. Bd3 Na6 7. Bxa6 bxa6 8. O-O e6 9. Be3 Bb7 10. Qd3 Qe7
11. f5 exf5 12. exf5 Nd5 13. Bg5 f6 14. Bd2 c5 15. Nxd5 Bxd5 16. fxg6 Qe4 17. gxh7+ Qxh7 18. Qxh7+ Kxh7 19. dxc5 dxc5 20. b3 Rac8
21. c4 f5 22. cxd5 Bxa1 23. Rxa1 Rfd8 24. Re1 Rxd5 25. Re7+ Kg6 26. Rxa7 Rc6 27. h4 Re6 28. h5+ Kxh5 29. Rh7+ Kg6 30. Rh6+ Kf7
31. Ng5+ Kg7 32. Nxe6+ Kf7 33. Bf4 Rd1+ 34. Kf2 Ra1 35. Nxc5 Rxa2+ 36. Kf3 Rc2 37. Be3 Rc3 38. Rxa6 Ke7 39. b4 Rc4 40. b5 Kd8
41. b6 Rb4 42. Ra8+ Ke7 43. b7 Kd6 44. b8=Q+ Rxb8 45. Rxb8 Ke5 46. Re8+ Kd5 47. Kf4 Kc4 48. Kxf5 Kc3 49. Re4 Kc2 50. Rd4 Kc3
51. Ke4 Kc2 52. Rd3 Kb2 53. Kd4 Kc2 54. Kc4 Kb2 55. Rc3 Ka2 56. Rb3 Ka1 57. Nd3 Ka2 58. Nc1+ Ka1 59. Bd4#
1-0

[Event "2009 Standard Chess Dropout Tournament, Round 1"]
[Site "SchemingMind.com"]
[Date "2008.12.01"]
[Round "1"]
[White "Brennan Price"]
[Black "Nephi"]
[Result "1-0"]
[WhiteCountry "USA"]
[BlackCountry "ENG"]
[WhiteElo "2051"]
[WhiteRD "88"]
[BlackElo "1601"]
[BlackRD "80"]
[GameID "178361"]

1. e4 c5 2. Nf3 Nc6 3. d4 cxd4 4. Nxd4 Nf6 5. Nc3 e5 6. Ndb5 d6 7. Bg5 a6 8. Na3 b5 9. Nd5 Qa5+ 10. Bd2 Qd8
11. Bg5 h6 12. Bxf6 gxf6 13. c4 bxc4 14. Nxc4 Be6 15. Qa4 Bd7 16. Ncb6 Nb8 17. Nxd7 Nxd7 18. Rc1 Rc8 19. Rxc8 Qxc8 20. Bxa6 Qb8
21. Bb5 Be7 22. Bxd7+ Kd8 23. Nxe7 Kxe7 24. Qb5 Qxb5 25. Bxb5
1-0

[Event "2009 Standard Chess Dropout Tournament, Round 1"]
[Site "SchemingMind.com"]
[Date "2008.11.11"]
[Round "1"]
[White "C. H. O'D. Schlechter"]
[Black "olivsan"]
[Result "1-0"]
[WhiteCountry "USA"]
[BlackCountry "BRA"]
[WhiteElo "2424"]
[WhiteRD "80"]
[BlackElo "1572"]
[BlackRD "81"]
[GameID "178363"]

1. d4 Nf6 2. Nf3 g6 3. Nc3 Bg7 4. Bf4 d5 5. Qd2 O-O 6. Bh6 Nc6 7. Bxg7 Kxg7 8. Ne5 Nxe5 9. dxe5 Ne4 10. Nxe4 dxe4
11. Qc3 e6 12. e3 c6 13. h4 h5 14. Rd1 Qc7 15. g3 a6 16. Bg2 b5 17. Bxe4 Bb7 18. Qc5 Qa5+ 19. Ke2 Qxa2 20. b3 Qa5
21. Qe7 Qb6 22. g4 Rfe8 23. Qf6+ Kf8 24. Rd7
1-0

[Event "2009 Standard Chess Dropout Tournament, Round 1"]
[Site "SchemingMind.com"]
[Date "2008.11.15"]
[Round "1"]
[White "calidore"]
[Black "JasonY1982"]
[Result "0-1"]
[WhiteCountry "ISR"]
[BlackCountry "USA"]
[WhiteElo "1860"]
[WhiteRD "62"]
[BlackElo "2065"]
[BlackRD "69"]
[GameID "178365"]

1. e4 c5 2. c3 Nf6 3. e5 Nd5 4. d4 cxd4 5. cxd4 d6 6. Nf3 Nc6 7. Nc3 dxe5 8. Nxe5 Nxc3 9. Nxc6 Nxd1 10. Nxd8 Nxb2
11. Nxf7 Kxf7 12. Bxb2 Be6 13. Be2 Bd5 14. f3 Rc8 15. Kd2 g6 16. Bd3 Bh6+ 17. Ke2 b5 18. Bc1 Bg7 19. Be3 b4 20. Be4 Bxe4
21. fxe4 Rc2+ 22. Kf3 Rhc8 23. Rhc1 Rxc1 24. Rxc1 Rxc1 25. Bxc1 Bxd4 26. Bd2 a5 27. Ke2 Ke6 28. Kd3 Be5 29. Kc4 Bxh2 30. Kb5 Bc7
31. Ka4 Ke5 32. a3 bxa3 33. Kxa3 Kxe4 34. Ka4 Kd3 35. Bxa5 Bxa5 36. Kxa5 e5
0-1

[Event "2009 Standard Chess Dropout Tournament, Round 1"]
[Site "SchemingMind.com"]
[Date "2008.11.15"]
[Round "1"]
[White "cedriczg"]
[Black "pjl1015"]
[Result "0-1"]
[WhiteCountry "URU"]
[BlackCountry "USA"]
[WhiteElo "1641"]
[WhiteRD "111"]
[BlackElo "2432"]
[BlackRD "99"]
[GameID "178367"]

1. Nf3 d5 2. d4 e6 3. c4 Be7 4. Nc3 a6 5. e3 Nf6 6. cxd5 exd5 7. Be2 Bf5 8. O-O O-O 9. Ne5 c6 10. Bd3 Bxd3
11. Qxd3 Bd6 12. f4 Bb4 13. Ne2 Nbd7 14. Ng3 Re8 15. a3 Bd6 16. Bd2 Qc7 17. Qf5 a5 18. Nh5 Re6 19. Rf3 g6 20. Nxf6+ Nxf6
21. Rg3 Bxe5 22. fxe5 Ne4 23. Rg4 Nxd2 24. Qg5 Qb6 25. h4 Qxb2 26. Re1 Qxa3 27. h5 Qc3 28. Qh4 a4 29. hxg6 fxg6 30. Qh6 Nf3+
31. gxf3 Qxe1+ 32. Kg2 a3 33. Rh4 Qe2+ 34. Kg3 Re7 35. Qg5 Rf7 36. f4 Qxe3+ 37. Kg2 a2 38. e6 Qe2+ 39. Kg3 Ra3#
0-1

[Event "2009 Standard Chess Dropout Tournament, Round 1"]
[Site "SchemingMind.com"]
[Date "2008.11.11"]
[Round "1"]
[White "John M. Sargent"]
[Black "agoodhobby"]
[Result "1-0"]
[WhiteCountry "ENG"]
[BlackCountry "USA"]
[WhiteElo "2508"]
[WhiteRD "87"]
[BlackElo "1568"]
[BlackRD "63"]
[GameID "178368"]

1. e4 e5 2. Nf3 Nc6 3. Bb5 a6 4. Ba4 b5 5. Bb3 Nf6 6. d4 exd4 7. O-O Be7 8. e5 Ne4 9. Bd5 Nc5 10. Nxd4 Bb7
11. Nf5 O-O 12. Be3 Ne6 13. Nc3 Re8 14. f4 d6 15. Qg4 g6 16. Nh6+ Kg7 17. Nxf7 Qd7 18. Bxe6 Qxe6 19. Qxe6 Nd8 20. Nxd8 Raxd8
21. f5 Bg5 22. Bxg5 Rxe6 23. fxe6 Re8 24. Rf7+ Kg8 25. Raf1 Bc8 26. Bh6
1-0

[Event "2009 Standard Chess Dropout Tournament, Round 1"]
[Site "SchemingMind.com"]
[Date "2008.11.10"]
[Round "1"]
[White "Chess_Man01"]
[Black "sthorwall"]
[Result "1-0"]
[WhiteCountry "GBR"]
[BlackCountry "USA"]
[WhiteElo "2044"]
[WhiteRD "67"]
[BlackElo "1720"]
[BlackRD "62"]
[GameID "178369"]

1. d4 f5 2. g3 c5 3. dxc5 e6 4. Be3 Nf6 5. Nd2 Ng4 6. Bd4 e5 7. h3 exd4 8. hxg4 fxg4 9. Nb3 Nc6 10. Qd3 d5
11. cxd6 Qxd6 12. O-O-O g6 13. f4 Be6 14. e4 O-O-O 15. Ne2 Qc7 16. a3 Bg7 17. Kb1 g5 18. Bg2 Qf7 19. Nc5 Ba2+ 20. Ka1 gxf4
21. Nxf4 Bc4 22. Qd2 h5 23. Bf1 d3 24. Ncxd3 Be5 25. Qe3 Bxf4 26. gxf4 Kb8 27. f5 Qc7 28. Be2 Nd4 29. Rd2 Bxd3 30. Bxd3 h4
31. Rg2 g3 32. e5 Nc6 33. e6 Rdg8 34. f6 h3 35. Rgg1 h2 36. Rg2 Qe5 37. Qxe5+ Nxe5 38. e7 a6 39. Bf5 Kc7 40. Be6 Re8
41. Rxg3 Rh6 42. Rc3+ Kb6 43. Rc8 Rxf6 44. Rxe8 Rxe6 45. Rxh2 Nc6 46. c4 Re3 47. Rh7 Kc7 48. b4 Kd7 49. Rg8 Rxe7 50. Rxe7+ Nxe7
51. Rg7 b6 52. Kb2 Ke6 53. Kc3 Kd7 54. c5 bxc5 55. bxc5 Kd8 56. Rxe7 Kxe7 57. Kc4 Kd7 58. Kd5 Kc7 59. c6 Kc8 60. a4 Kb8
61. Kc5 Kc7 62. a5 Kc8 63. Kb6
1-0

[Event "2009 Standard Chess Dropout Tournament, Round 1"]
[Site "SchemingMind.com"]
[Date "2008.11.10"]
[Round "1"]
[White "chesshub"]
[Black "baron1"]
[Result "1/2-1/2"]
[WhiteCountry "FRA"]
[BlackCountry "ENG"]
[WhiteElo "2442"]
[WhiteRD "67"]
[BlackElo "2240"]
[BlackRD "123"]
[GameID "178370"]

1. e4 c6 2. d4 d5 3. Nc3 dxe4 4. Nxe4 Bf5 5. Ng3 Bg6 6. h4 h6 7. Nf3 Nd7 8. h5 Bh7 9. Bd3 Bxd3 10. Qxd3 e6
11. Bf4 Qa5+ 12. Bd2 Bb4 13. c3 Be7 14. c4 Qc7 15. O-O-O Ngf6 16. Kb1 O-O 17. Rhe1 a5 18. Ne5 a4 19. a3 Nxe5 20. dxe5 Rfd8
21. Qe2 Nd7 22. f4 b5 23. f5 Kh8 24. Bc3 Rab8 25. f6 gxf6 26. Ne4 Nxe5 27. Rxd8+ Qxd8 28. Rd1 Qc7 29. Rf1 Kg7 30. Qf2 Qd8
31. Bxe5 fxe5 32. Qxf7+ Kh8 33. Rf3 bxc4 34. Qxe6 Qd1+=
1/2-1/2